000 00755nam a2200205Ia 4500
999 _c9710
_d9710
005 20231011171645.0
008 231011s9999 xx 000 0 und d
020 _a99923-881-0-2
040 _aUPAN
_cBiblioteca San Vicente
_eRCAA2
041 _aspa
082 _a172.2
_bD485e
_c2006
100 _aUrbano Castillo, Eduardo De
_4aut.
245 0 _aElementos de ética judicial/
_cEduardo de Urbano Castillo
250 _a1ª ed.
260 _aEl Salvador:
_bCNJ,
_c2006
300 _a90 p.;
_c21 cm.
505 _aÍndice, Presentación, I. La Ética II. Ética, Moral y Derecho III. Ética de las profesiones IV Ética judicial I ( Fundamentación) , Ética . Ética judicial II (Aspectos Prácticos
650 _2LEMB
_xÉtica
942 _cBK
_2ddc